Football Hooligans: knowing the score
Guardat en:
| Autor principal: | |
|---|---|
| Format: | Text |
| Publicat: |
New York:
BERG
|
| Matèries: | |
| Etiquetes: |
Afegir etiqueta
Sense etiquetes, Sigues el primer a etiquetar aquest registre!
|
MARC
| LEADER | 00000 a a2200000 04500 | ||
|---|---|---|---|
| 001 | 27278 | ||
| 003 | |||
| 040 | |||
| 020 | |a 185973 952 0 | ||
| 090 | |a 189300 | ||
| 100 | |a Armstrong, Gary | ||
| 245 | |a Football Hooligans: knowing the score | ||
| 260 | |a New York: |b BERG | ||
| 300 | |a 361 p |b **no definido** |b fonodiscos | ||
| 650 | |a DEPORTES | ||
| 650 | |a IDENTIDAD CULTURAL | ||
| 650 | |a VIOLENCIA | ||
| 650 | |a ASPECTOS SOCIALES | ||
| 650 | |a MEDIOS DE COMUNICACION | ||
| 650 | |a ANTROPOLOGIA SOCIAL Y CULTURAL | ||
| 650 | |a ANALISIS SOCIOLOGICO | ||
| 650 | |a ROL MASCULINO | ||
| 650 | |a TEORIA SOCIAL | ||
| 999 | |c 15612 |d 15612 | ||
